MARC details
| 000 -CABECERA |
| campo de control de longitud fija |
01289nam a22001937a 4500 |
| 008 - DATOS DE LONGITUD FIJA--INFORMACIÓN GENERAL |
| campo de control de longitud fija |
251015b |||||||| |||| 00| 0 eng d |
| 020 ## - NÚMERO INTERNACIONAL ESTÁNDAR DEL LIBRO |
| Número Internacional Estándar del Libro |
9780525658795 |
| 040 ## - FUENTE DE LA CATALOGACIÓN |
| Centro/agencia transcriptor |
tbs |
| 041 ## - CÓDIGO DE LENGUA |
| Código de lengua del texto/banda sonora o título independiente |
eng |
| 050 ## - SIGNATURA TOPOGRÁFICA DE LA BIBLIOTECA DEL CONGRESO |
| Número de clasificación |
TX649.C47 |
| Número de documento/Ítem |
A25 2020 |
| 100 ## - ENTRADA PRINCIPAL--NOMBRE DE PERSONA |
| Nombre de persona |
Child, Julia |
| 9 (RLIN) |
26178 |
| Término indicativo de función/relación |
author |
| 245 ## - MENCIÓN DE TÍTULO |
| Título |
People who love to eat are always the best people |
| Resto del título |
: and other wisdom |
| Mención de responsabilidad, etc. |
/ Julia Child. |
| 260 ## - PUBLICACIÓN, DISTRIBUCIÓN, ETC. |
| Lugar de publicación, distribución, etc. |
New York, NY : |
| Nombre del editor, distribuidor, etc. |
Alfred A. Knopf, |
| Fecha de publicación, distribución, etc. |
2020. |
| 300 ## - DESCRIPCIÓN FÍSICA |
| Extensión |
147 pages : |
| Otras características físicas |
illustrations (some color) ; |
| Dimensiones |
17 cm. |
| 520 ## - SUMARIO, ETC. |
| Sumario, etc. |
Perfect for home cooks, Julia fans, and anyone who simply loves to eat and drink—a delightful collection of the beloved chef and bestselling author’s words of wisdom on love, life, and, of course, food.<br/><br/>“If you’re afraid of butter, use cream.” So decrees Julia Child, the legendary culinary authority and cookbook author who taught America how to cook—and how to eat. This delightful volume of quotations compiles some of Julia’s most memorable lines on eating—”The only time to eat diet food is while you’re waiting for the steak to cook”—on drinking, on life—”I think every woman should have a blowtorch”—on love, travel, France, and much more. |
| 650 #0 - PUNTO DE ACCESO ADICIONAL DE MATERIA--TÉRMINO DE MATERIA |
| Término de materia o nombre geográfico como elemento de entrada |
Cooks |
| Subdivisión geográfica |
United States |
| Subdivisión de forma |
Quotations |
| 9 (RLIN) |
26179 |
| 655 #0 - TÉRMINO DE INDIZACIÓN--GÉNERO/FORMA |
| Datos o término principal de género/forma |
Quotations |
| 9 (RLIN) |
23002 |
| 942 ## - ELEMENTOS DE ENTRADA AGREGADA (KOHA) |
| Fuente del sistema de clasificación o colocación |
Clasificación de Library of Congress |